[Event "Motor City Open"]
[Site "Detroit"]
[Date "1991.11.30"]
[Round "5"]
[White "Williams, Ron"]
[Black "Reeves, Andre"]
[Result "1-0"]
[WhiteElo "1854"]
[BlackElo "1274"]
[PlyCount "113"]
[EventDate "1991.11.29"]

1. c4 Nf6 2. d4 d5 3. cxd5 Nxd5 4. e4 Nb6 5. Nc3 e6 6. Be3 Be7 7. Bd3 O-O 8.
Nge2 N8d7 9. O-O c5 10. Rc1 cxd4 11. Nxd4 Nc5 12. Bb1 Bd7 13. b3 Rc8 14. e5 Bc6
15. Qg4 Re8 16. Nxc6 Rxc6 17. Ne4 Nxe4 18. Qxe4 g6 19. Rxc6 bxc6 20. Qxc6 Qa8
21. Qxa8 Rxa8 22. Be4 Rd8 23. g3 Nd7 24. Bxa7 Nxe5 25. Bb6 Rc8 26. a4 Nd7 27.
Be3 Bb4 28. Rd1 Nc5 29. Rc1 f5 30. Bf3 e5 31. Rc4 f4 32. gxf4 exf4 33. Bd5+ Kf8
34. Bd4 Rd8 35. Bxc5+ Kg7 36. Bxb4 Rxd5 37. Kg2 Rd3 38. Bc3+ Kh6 39. a5 f3+ 40.
Kg3 g5 41. Kg4 Rd6 42. b4 Kg6 43. b5 h5+ 44. Kxf3 Kf7 45. b6 Ke7 46. Bb4 Kd7
47. Rc7+ Ke6 48. Bxd6 Kxd6 49. a6 Ke5 50. a7 g4+ 51. Ke3 g3 52. hxg3 Kf5 53.
a8=Q Kg4 54. Rg7+ Kf5 55. Qe4+ Kf6 56. Rg6+ Kf7 57. Qe6+ 1-0

[Event "Motor City Open"]
[Site "Detroit"]
[Date "1991.11.30"]
[Round "4"]
[White "Ward, Tom"]
[Black "Williams, Ron"]
[Result "1-0"]
[WhiteElo "2149"]
[BlackElo "1854"]
[PlyCount "77"]
[EventDate "1991.11.29"]

1. e4 e5 2. Bc4 Be7 3. Nc3 Nc6 4. Nf3 d6 5. h3 Nf6 6. d4 exd4 7. Nxd4 Ne5 8.
Bb3 a6 9. f4 Ng6 10. Be3 c5 11. Nf3 b5 12. Bd5 Nxd5 13. Nxd5 Bb7 14. O-O O-O
15. Qd3 Bxd5 16. Qxd5 Qc7 17. Rad1 Rad8 18. Rd2 b4 19. g4 Bf6 20. b3 Ne7 21.
Qc4 Bc3 22. Rd3 Nc8 23. Qd5 Ne7 24. Qc4 a5 25. Rfd1 Kh8 26. Ng5 Ng6 27. Bxc5 h6
28. Bxd6 Qxc4 29. bxc4 hxg5 30. Bxf8 Rxf8 31. Rd8 Bf6 32. Rxf8+ Nxf8 33. f5 g6
34. Rd5 a4 35. e5 Bg7 36. c5 gxf5 37. gxf5 Nd7 38. Rxd7 Bxe5 39. c6 1-0

[Event "Motor City Open"]
[Site "Detroit"]
[Date "1991.11.30"]
[Round "4"]
[White "Walker, Douglas"]
[Black "Walker, LeRoy"]
[Result "1-0"]
[WhiteElo "1846"]
[BlackElo "1569"]
[PlyCount "67"]
[EventDate "1991.11.29"]

1. e4 c6 2. Nf3 d5 3. exd5 cxd5 4. d4 Bf5 5. Bb5+ Nd7 6. O-O Ngf6 7. Nc3 e6 8.
Ne5 a6 9. Nxd7 Nxd7 10. Bd3 Bxd3 11. Qxd3 Bd6 12. Ne2 Nf6 13. h3 O-O 14. Bg5
Be7 15. Bxf6 Bxf6 16. c3 Rc8 17. Qf3 Be7 18. Nf4 b5 19. a3 Rc7 20. Rfe1 Qd7 21.
Re2 Rfc8 22. Rae1 Rc6 23. Nxd5 Bf8 24. Nb4 Bxb4 25. axb4 Rd6 26. Re5 g6 27. Qe3
Kg7 28. h4 Rd5 29. h5 Kg8 30. h6 Re8 31. Qg5 Qd8 32. Rxd5 exd5 33. Rxe8+ Qxe8
34. Qxd5 1-0

[Event "Motor City Open"]
[Site "Detroit"]
[Date "1991.11.30"]
[Round "4"]
[White "Walker, Anthony"]
[Black "Vaka, Flamur"]
[Result "0-1"]
[WhiteElo "1103"]
[BlackElo "1592"]
[PlyCount "126"]
[EventDate "1991.11.29"]

1. e4 e5 2. Nf3 Nc6 3. Bb5 a6 4. Bxc6 dxc6 5. Nc3 Bc5 6. O-O Bg4 7. d3 Bd6 8.
h3 Bh5 9. Re1 Qe7 10. Be3 O-O-O 11. d4 Nf6 12. Qe2 Rhe8 13. a3 exd4 14. Bxd4
Bc5 15. Qe3 Bxd4 16. Nxd4 Bg6 17. f3 Nd5 18. Qd3 Nxc3 19. Qxc3 Qe5 20. Rad1 c5
21. Ne2 Qxc3 22. Nxc3 b5 23. b3 c6 24. a4 Rxd1 25. Nxd1 f6 26. a5 Bf7 27. Ne3
g6 28. g4 Rd8 29. Kf2 Kc7 30. c4 bxc4 31. bxc4 Rb8 32. Ra1 Rb4 33. Rc1 Ra4 34.
Kg3 Rxa5 35. h4 Ra3 36. Re1 Rc3 37. Kf4 Bxc4 38. Nxc4 Rxc4 39. h5 Rd4 40. hxg6
hxg6 41. g5 f5 42. Ke5 fxe4 43. Rxe4 Rxe4+ 44. fxe4 c4 45. Kd4 Kd6 46. Kxc4 Ke5
47. Kc5 a5 48. Kc4 Kxe4 49. Kb3 Kf5 50. Ka4 Kxg5 51. Kxa5 Kf4 52. Kb6 g5 53.
Kxc6 g4 54. Kd5 g3 55. Kd4 g2 56. Kd3 g1=Q 57. Kc4 Qd1 58. Kc5 Ke5 59. Kc4 Qd4+
60. Kb3 Qc5 61. Ka4 Qb6 62. Ka3 Kd4 63. Ka4 Kc4 0-1

[Event "Motor City Open"]
[Site "Detroit"]
[Date "1991.11.30"]
[Round "5"]
[White "Vaughn, Gerald"]
[Black "Puryear, Douglas"]
[Result "1-0"]
[WhiteElo "1400"]
[BlackElo "1647"]
[PlyCount "117"]
[EventDate "1991.11.29"]

1. e4 e5 2. Nf3 Nc6 3. Bb5 Nge7 4. c3 a6 5. Ba4 b5 6. Bc2 d6 7. h3 d5 8. d4
exd4 9. cxd4 dxe4 10. Bxe4 Rb8 11. a3 Be6 12. O-O Bd5 13. Re1 h6 14. Nc3 Bxe4
15. Rxe4 g5 16. d5 Na7 17. Be3 Nac8 18. Bc5 Bg7 19. Qe1 Bf6 20. Rd1 O-O 21. Ne5
Bxe5 22. Rxe5 Re8 23. Ne4 Kg7 24. Bd4 f6 25. Nxg5 hxg5 26. Rxg5+ Ng6 27. Qc3
Nd6 28. Qg3 Rg8 29. Rxg6+ Kf7 30. Rxg8 Qxg8 31. Qxg8+ Rxg8 32. b4 Re8 33. f3
Re2 34. Kf1 Ra2 35. Rd3 Nc4 36. Rc3 Rxa3 37. Rxa3 Nxa3 38. Ke2 Nc4 39. Kd3 Nd6
40. g4 Kg6 41. h4 f5 42. Ba7 fxg4 43. fxg4 Kf6 44. Bb8 Ne8 45. Kd4 Ke7 46. Kc5
Kd7 47. g5 Ng7 48. d6 Ne6+ 49. Kd5 Nf4+ 50. Ke4 Ng6 51. h5 Nf8 52. Bxc7 Ne6 53.
g6 a5 54. Bxa5 Kxd6 55. Bb6 Ke7 56. Ke5 Ng7 57. Bc5+ Ke8 58. h6 Nh5 59. h7 1-0

[Event "Motor City Open"]
[Site "Detroit"]
[Date "1991.11.30"]
[Round "5"]
[White "Vaka, Flamur"]
[Black "Dobbs, Edward"]
[Result "0-1"]
[WhiteElo "1592"]
[BlackElo "1847"]
[PlyCount "92"]
[EventDate "1991.11.29"]

1. e4 c5 2. Nf3 g6 3. Nc3 Bg7 4. d3 Nc6 5. Bd2 d6 6. Be2 f5 7. Qc1 Nf6 8. Bh6
O-O 9. Bxg7 Kxg7 10. Qd1 a6 11. h4 fxe4 12. Nxe4 Bg4 13. Nfg5 Bxe2 14. Ne6+ Kg8
15. Nxd8 Raxd8 16. Qxe2 Nd4 17. Qd2 Ng4 18. c3 Nc6 19. O-O-O d5 20. f3 dxe4 21.
fxg4 exd3 22. h5 Rf6 23. Rhf1 Re6 24. Rfe1 Ne5 25. Qg5 Rd5 26. c4 d2+ 27. Rxd2
Nd3+ 28. Rxd3 Rxe1+ 29. Kd2 Rxg5 30. Kxe1 Rxg4 31. hxg6 hxg6 32. Rc3 Rxg2 33.
Rb3 Rc2 34. Rxb7 Kf7 35. a4 Rxc4 36. Rb6 Rxa4 37. Kd2 Rb4 38. Rxa6 Rxb2+ 39.
Kc3 Rf2 40. Rc6 Rf5 41. Kd3 e6 42. Ke4 g5 43. Ra6 Kf6 44. Ra1 Rf4+ 45. Ke3 c4
46. Rc1 Kf5 0-1

[Event "Motor City Open"]
[Site "Detroit"]
[Date "1991.11.30"]
[Round "4"]
[White "Thomas, Willie"]
[Black "Steverson, Bunnard"]
[Result "0-1"]
[WhiteElo "1550"]
[BlackElo "1839"]
[PlyCount "98"]
[EventDate "1991.11.29"]

1. d4 d5 2. c4 c6 3. Nc3 e6 4. Nf3 Nf6 5. Bg5 Be7 6. e3 Nbd7 7. Bd3 dxc4 8.
Bxc4 b5 9. Bd3 Bb7 10. O-O O-O 11. Rc1 a6 12. Bxf6 Bxf6 13. Ne4 Be7 14. a3 Rc8
15. b4 Qc7 16. Qc2 g6 17. Nc5 Nxc5 18. dxc5 Rfd8 19. Rfd1 Rd7 20. Be2 Rcd8 21.
Rxd7 Rxd7 22. Rd1 Bf6 23. Nd2 Qe5 24. Ne4 Rxd1+ 25. Bxd1 Bg7 26. Nd2 Qc3 27.
Qxc3 Bxc3 28. Nb1 Bb2 29. Kf1 f5 30. Bf3 e5 31. e4 f4 32. Bg4 Kf7 33. Ke1 h5
34. Be2 Bc8 35. Kd2 Be6 36. Kc2 Bd4 37. f3 Kf6 38. Nc3 Kg5 39. a4 Kh4 40. axb5
axb5 41. Bd3 Bg1 42. Ne2 Bxh2 43. Kd2 Bg3 44. Bc2 Bf2 45. Bd3 g5 46. Kd1 g4 47.
Kd2 gxf3 48. gxf3 Kh3 49. Nc3 Kg2 0-1

[Event "Motor City Open"]
[Site "Detroit"]
[Date "1991.11.30"]
[Round "4"]
[White "Stinson, Darlene"]
[Black "Puryear, Douglas"]
[Result "1-0"]
[WhiteElo "1582"]
[BlackElo "1647"]
[PlyCount "105"]
[EventDate "1991.11.29"]

1. e4 e5 2. Nf3 Nc6 3. Bb5 Nge7 4. c3 a6 5. Ba4 b5 6. Bb3 Na5 7. Bc2 d6 8. d4
Bg4 9. Qd3 Bxf3 10. Qxf3 Ng6 11. O-O Be7 12. Nd2 Bf6 13. Qd3 O-O 14. Nf3 Nc6
15. d5 Na5 16. a4 Nb7 17. axb5 Nc5 18. Qe2 axb5 19. Rxa8 Qxa8 20. Qxb5 Qb7 21.
Qxb7 Nxb7 22. Be3 Ra8 23. Nd2 Ne7 24. Nc4 c6 25. Nb6 Ra2 26. Rb1 cxd5 27. exd5
h6 28. Na4 Na5 29. Bb6 Nc4 30. Bc7 Na3 31. Bb3 Nxb1 32. Bxa2 Nd2 33. Bxd6 Ne4
34. Bb4 Nc8 35. Nc5 Ned6 36. Nd7 Be7 37. Nxe5 Kf8 38. Nc4 Nxc4 39. Bxe7+ Kxe7
40. Bxc4 Nb6 41. Ba2 Kd6 42. Kf1 Na4 43. Ke2 Nxb2 44. Ke3 Nd1+ 45. Kd4 Nxf2 46.
c4 Ng4 47. h3 Nf6 48. c5+ Kc7 49. d6+ Kc6 50. Bxf7 Kd7 51. Ke5 Kc6 52. Ke6 Nd7
53. Be8 1-0

[Event "Motor City Open"]
[Site "Detroit"]
[Date "1991.11.30"]
[Round "5"]
[White "Steverson, Bunnard"]
[Black "Jordan, Willie"]
[Result "1-0"]
[WhiteElo "1839"]
[BlackElo "1683"]
[PlyCount "67"]
[EventDate "1991.11.29"]

1. d4 Nf6 2. Nf3 e6 3. e3 d5 4. Bd3 Nbd7 5. O-O c5 6. c3 Qc7 7. Nbd2 Bd6 8. h3
b6 9. Re1 Bb7 10. e4 dxe4 11. Nxe4 c4 12. Nxd6+ Qxd6 13. Bxc4 h5 14. Bd3 Ng4
15. hxg4 hxg4 16. Ne5 Nxe5 17. dxe5 Qd5 18. Qa4+ Bc6 19. Qe4 Qd7 20. Bb5 Bxe4
21. Bxd7+ Kxd7 22. Rxe4 Kc6 23. Rxg4 Rh5 24. Rg5 Rh7 25. f4 f5 26. exf6 gxf6
27. Rg6 Rah8 28. b3 Rh1+ 29. Kf2 Rd1 30. Rxf6 Rhh1 31. Rxe6+ Kd7 32. Re2 Rxc1
33. Rxc1 Rxc1 34. c4 1-0

[Event "Motor City Open"]
[Site "Detroit"]
[Date "1991.11.30"]
[Round "5"]
[White "Steen, Harold"]
[Black "Smith, Walt"]
[Result "1-0"]
[WhiteElo "1750"]
[BlackElo "2039"]
[PlyCount "72"]
[EventDate "1991.11.29"]

1. c4 Nf6 2. g3 g6 3. Bg2 Bg7 4. Nc3 c6 5. e4 d6 6. Nge2 O-O 7. O-O Be6 8. d3
Qd7 9. Nf4 Bg4 10. f3 e5 11. Nxg6 fxg6 12. fxg4 Nxg4 13. Bh3 Rxf1+ 14. Qxf1 Na6
15. Qe2 h5 16. Bxg4 hxg4 17. Be3 Nc7 18. Rd1 b6 19. Rd2 Rf8 20. Nd1 Rf3 21. Nf2
Bf6 22. Kg2 Rxf2+ 23. Qxf2 Ne8 24. d4 Qe6 25. d5 cxd5 26. cxd5 Qd7 27. Qe2 Kh7
28. b4 Qa4 29. Rb2 a5 30. Qc2 Qa3 31. Qb3 Qxb3 32. Rxb3 a4 33. Rc3 b5 34. Rc8
Ng7 35. Rb8 Nh5 36. Rxb5 Bg7 1-0

[Event "Motor City Open"]
[Site "Detroit"]
[Date "1991.11.30"]
[Round "4"]
[White "Steen, Harold"]
[Black "Belfer, Joseph"]
[Result "0-1"]
[WhiteElo "1750"]
[BlackElo "2210"]
[PlyCount "88"]
[EventDate "1991.11.29"]

1. c4 Nf6 2. g3 g6 3. Bg2 Bg7 4. Nc3 O-O 5. e4 d6 6. Nge2 e5 7. O-O Nc6 8. d3
Ne7 9. Bg5 h6 10. Bxf6 Bxf6 11. f4 Bg7 12. Qc2 Bg4 13. h3 Bd7 14. Nd5 c6 15.
Nxe7+ Qxe7 16. f5 Bf6 17. g4 Rad8 18. Nc3 Bc8 19. a4 Kh7 20. Rab1 Bg5 21. Rf3
gxf5 22. exf5 d5 23. Rbf1 Bf6 24. b3 b6 25. Re1 Bb7 26. Kh1 a6 27. Nd1 Qd6 28.
Qf2 c5 29. h4 dxc4 30. Rh3 Bxg2+ 31. Kxg2 Rg8 32. g5 cxd3 33. Kf1 Bxg5 34. hxg5
Rxg5 35. f6 Qe6 36. Ree3 e4 37. Rh4 Qxb3 38. Rxh6+ Kxh6 39. Qh4+ Kg6 40. Qxe4+
Rf5+ 41. Nf2 Rd4 42. Rg3+ Kxf6 43. Qc6+ Qe6 44. Qc7 Qe2+ 0-1

[Event "Motor City Open"]
[Site "Detroit"]
[Date "1991.11.30"]
[Round "5"]
[White "Spooner, Frank"]
[Black "Walker, Douglas"]
[Result "1-0"]
[WhiteElo "1875"]
[BlackElo "1846"]
[PlyCount "85"]
[EventDate "1991.11.29"]

1. Nf3 d5 2. e3 Nf6 3. b3 Bf5 4. Bb2 Nbd7 5. Be2 e6 6. O-O Bd6 7. d4 c6 8. Nbd2
Qc7 9. h3 h6 10. c4 g5 11. Rc1 g4 12. hxg4 Nxg4 13. Nh4 Bh2+ 14. Kh1 Bg1 15.
Ndf3 Nxf2+ 16. Rxf2 Bxf2 17. Nxf5 exf5 18. cxd5 Qg3 19. dxc6 Rg8 20. cxd7+ Kd8
21. Rc8+ Rxc8 22. dxc8=Q+ Kxc8 23. Qc2+ Kd8 24. Bf1 Rg4 25. Qxf5 Rh4+ 26. Nxh4
Qxh4+ 27. Qh3 Qe4 28. d5 Qb1 29. Bf6+ Kc7 30. Be5+ Kd8 31. Bf6+ Kc7 32. g3 Qe4+
33. Qg2 Qxe3 34. Bc4 Bxg3 35. Qe2 Qf4 36. Qe7+ Kb6 37. Qb4+ Kc7 38. Qe7+ Kb6
39. Qb4+ Kc7 40. Qa5+ Kd6 41. Qd8+ Kc5 42. Qc8+ Kb6 43. Bd8+ 1-0

[Event "Motor City Open"]
[Site "Detroit"]
[Date "1991.11.30"]
[Round "4"]
[White "Sledge, Ernest"]
[Black "Ghiata, Gheorghe"]
[Result "0-1"]
[WhiteElo "1691"]
[BlackElo "1945"]
[PlyCount "106"]
[EventDate "1991.11.29"]

1. e4 e5 2. Nf3 Nf6 3. Nc3 Nc6 4. Be2 Bc5 5. O-O d6 6. h3 Be6 7. a3 O-O 8. d3
Qd7 9. Kh2 Nd4 10. Be3 Ne8 11. Qc1 c6 12. b4 Bb6 13. Rb1 Nxe2 14. Nxe2 f5 15.
exf5 Bxf5 16. Ng3 Bc7 17. Qd2 d5 18. c3 Nf6 19. Rbe1 e4 20. Nd4 Bg6 21. Kg1
exd3 22. f4 Ne4 23. Nxe4 dxe4 24. g4 b6 25. f5 Bf7 26. f6 g6 27. Bh6 Rfe8 28.
Bg7 Qd6 29. Qg2 Qg3 30. Nxc6 Qxg2+ 31. Kxg2 e3 32. Ne7+ Rxe7 33. fxe7 e2 34.
Bf6 exf1=Q+ 35. Kxf1 d2 36. Rd1 Bc4+ 37. Kf2 Bf4 38. Kf3 Bb3 39. Kxf4 Bxd1 40.
Ke3 Kf7 41. g5 h6 42. h4 hxg5 43. hxg5 Ba4 44. Kxd2 Ke6 45. c4 Rc8 46. Kc3 Bb5
47. c5 Kd5 48. Bd4 Re8 49. cxb6 Rc8+ 50. Bc5 axb6 51. Kb3 bxc5 52. bxc5 Rxc5
53. Kb4 Be8 0-1

[Event "Motor City Open"]
[Site "Detroit"]
[Date "1991.11.30"]
[Round "5"]
[White "Ryan, Bob"]
[Black "McFolley, John"]
[Result "1-0"]
[WhiteElo "1554"]
[BlackElo "1271"]
[PlyCount "63"]
[EventDate "1991.11.29"]

1. e4 e5 2. Nc3 Nf6 3. Nf3 Nc6 4. Bb5 d5 5. Bxc6+ bxc6 6. d3 Qd6 7. O-O d4 8.
Ne2 Bg4 9. Ng3 Nh5 10. h3 Nxg3 11. fxg3 Be6 12. Bd2 Be7 13. c3 O-O 14. c4 Rab8
15. b4 c5 16. b5 c6 17. a4 cxb5 18. axb5 Rb7 19. Ra6 Qc7 20. Ba5 Qb8 21. Qa4
Bf6 22. Rb1 Bd7 23. Qa3 Rc8 24. g4 h6 25. h4 Bxg4 26. b6 Bxf3 27. Rb5 axb6 28.
Bxb6 Bg4 29. Rxc5 Be7 30. Rxc8+ Qxc8 31. Qa5 Kh7 32. Qxe5 1-0

[Event "Motor City Open"]
[Site "Detroit"]
[Date "1991.11.30"]
[Round "2"]
[White "Puryear, Douglas"]
[Black "Foord, Allan"]
[Result "0-1"]
[WhiteElo "1647"]
[BlackElo "1735"]
[PlyCount "114"]
[EventDate "1991.11.29"]

1. e4 c5 2. Nf3 d6 3. d4 cxd4 4. Nxd4 Nf6 5. Nc3 a6 6. Bc4 e6 7. O-O Be7 8. Be3
Qc7 9. Bd3 Nc6 10. Nxc6 bxc6 11. f4 O-O 12. g4 Rb8 13. b3 Bb7 14. g5 Nd7 15.
Na4 c5 16. Qh5 Qc6 17. Bd2 f5 18. Rae1 e5 19. Bc3 d5 20. g6 Qxg6+ 21. Qxg6 hxg6
22. exf5 e4 23. Be2 gxf5 24. h3 Bf6 25. Bxf6 Rxf6 26. Kf2 Kf7 27. Rg1 Rh8 28.
Rg3 Rg6 29. Reg1 Rxg3 30. Rxg3 Rh6 31. Kg2 d4 32. Bc4+ Kf6 33. Kh2 Rh4 34. Rg5
Rxf4 35. Rg2 e3 36. Rg1 Rf2+ 37. Kg3 Rxc2 38. Rf1 g6 39. Bd3 Rd2 40. Bc4 d3 41.
Re1 e2 42. Nc3 Ke5 43. Kf2 Kd4 44. Nxe2+ dxe2 45. Rxe2 Rxe2+ 46. Kxe2 Ne5 47.
Bg8 g5 48. Kf2 Bd5 49. Bxd5 Kxd5 50. Ke3 f4+ 51. Kd2 Kd4 52. Ke2 Ke4 53. Kf2
Nd3+ 54. Ke2 f3+ 55. Kd2 f2 56. Ke2 Kf4 57. a3 Kg3 0-1

[Event "Motor City Open"]
[Site "Detroit"]
[Date "1991.11.30"]
[Round "4"]
[White "Pettiford, Darnell"]
[Black "Foord, Allan"]
[Result "1-0"]
[WhiteElo "1245"]
[BlackElo "1735"]
[PlyCount "86"]
[EventDate "1991.11.29"]

1. d4 Nf6 2. c4 g6 3. Nc3 d5 4. cxd5 Nxd5 5. e4 Nxc3 6. bxc3 Bg7 7. Nf3 c5 8.
Be3 O-O 9. Be2 Nc6 10. Qd2 Qa5 11. O-O cxd4 12. cxd4 Qxd2 13. Bxd2 Nxd4 14.
Nxd4 Bxd4 15. Rad1 Be6 16. Bg5 Bc5 17. Rd2 f6 18. Bf4 Rfd8 19. Rfd1 Rxd2 20.
Rxd2 Rc8 21. Rb2 b6 22. Ba6 Rd8 23. h3 Rd1+ 24. Kh2 Ra1 25. Rd2 g5 26. Bb8 Bxa2
27. e5 Bf7 28. Bb5 fxe5 29. Bxe5 Bd6 30. Rxd6 exd6 31. Bxa1 Bd5 32. Bf6 h6 33.
Be7 Bb7 34. Bxd6 a6 35. Bc4+ Kg7 36. Kg3 b5 37. Bb3 a5 38. f3 a4 39. Ba2 Kf6
40. Kg4 Bc6 41. Kh5 Kg7 42. Be5+ Kf8 43. Kxh6 Ke7 1-0

[Event "Motor City Open"]
[Site "Detroit"]
[Date "1991.11.30"]
[Round "4"]
[White "Parker, Bernard"]
[Black "Vaughn, Gerald"]
[Result "1-0"]
[WhiteElo "1490"]
[BlackElo "1400"]
[PlyCount "59"]
[EventDate "1991.11.29"]

1. d4 Nf6 2. c4 e6 3. Bg5 Bb4+ 4. Nd2 h6 5. Bh4 g5 6. Bg3 Nc6 7. e3 Ne4 8. Ngf3
g4 9. Bd3 gxf3 10. Bxe4 fxg2 11. Bxg2 h5 12. h4 Qf6 13. Bxc7 Qg6 14. Bg3 f5 15.
a3 Bd6 16. Bxc6 Bxg3 17. Rg1 bxc6 18. Rxg3 Qh6 19. Qb3 a5 20. O-O-O f4 21. Rg5
Rf8 22. Rdg1 fxe3 23. fxe3 Qh7 24. Rg6 d6 25. Rg7 Qf5 26. Qb6 Bd7 27. Rxd7 Qf2
28. Rgg7 Rf7 29. Rdxf7 Qxf7 30. Qxc6+ 1-0

[Event "Motor City Open"]
[Site "Detroit"]
[Date "1991.11.30"]
[Round "5"]
[White "Moore, Deane"]
[Black "Fluellen, Nathaniel"]
[Result "1-0"]
[WhiteElo "1394"]
[BlackElo "1272"]
[PlyCount "81"]
[EventDate "1991.11.29"]

1. e4 e5 2. Nf3 Nc6 3. a3 Nf6 4. Nc3 a6 5. Bc4 h6 6. d4 Bd6 7. d5 Na7 8. h3 O-O
9. Be3 b5 10. Bd3 c6 11. dxc6 dxc6 12. Ne2 c5 13. c3 c4 14. Bc2 Bb7 15. Ng3 Qd7
16. Nh4 Nc8 17. Nhf5 Ne7 18. Qxd6 Nxf5 19. Qxd7 Nxd7 20. Nxf5 Kh7 21. O-O Nf6
22. Ng3 Bc8 23. a4 b4 24. cxb4 Be6 25. Rfd1 Rfe8 26. Nf5 Rac8 27. Nd6 Ra8 28.
Nxe8 Rxe8 29. Rd6 Ra8 30. Rad1 Ne8 31. Rd8 Nc7 32. Rxa8 Nxa8 33. b5 a5 34. b6
Nc7 35. bxc7 Bc8 36. Rd8 Be6 37. c8=Q Bxc8 38. Rxc8 f6 39. Rxc4 Kg6 40. b4 axb4
41. Rxb4 1-0

[Event "Motor City Open"]
[Site "Detroit"]
[Date "1991.11.30"]
[Round "5"]
[White "Montgomery, Marshall"]
[Black "Khraizat, Ali"]
[Result "1/2-1/2"]
[WhiteElo "1140"]
[BlackElo "1271"]
[PlyCount "110"]
[EventDate "1991.11.29"]

1. e4 e5 2. Nf3 Nc6 3. c3 Nf6 4. d3 b6 5. Bg5 Be7 6. Bxf6 Bxf6 7. d4 d6 8. Bb5
Bd7 9. dxe5 dxe5 10. Bxc6 Bxc6 11. Qxd8+ Rxd8 12. O-O Bxe4 13. Nfd2 Bxb1 14.
Nxb1 O-O 15. Na3 Rd7 16. Nb5 Ra8 17. Rad1 Re7 18. f3 c6 19. Nd6 Rd8 20. Nf5
Red7 21. Ne7+ Bxe7 22. Rxd7 Rxd7 23. Kf2 Rd2+ 24. Kg3 Rxb2 25. a4 b5 26. axb5
cxb5 27. Ra1 Bd6 28. Rxa7 e4+ 29. Kh3 exf3 30. gxf3 Rb3 31. Rb7 b4 32. cxb4
Bxb4 33. Rb8+ Bf8 34. Rxb3 h5 35. Kg2 g6 36. h4 Kg7 37. Rb5 f5 38. f4 Be7 39.
Rb7 Kf8 40. Rb6 Kg7 41. Rb7 Kf8 42. Kf3 Bxh4 43. Ke3 Bf6 44. Rb6 Kg7 45. Kd3 h4
46. Kc4 Bd8 47. Rd6 Bc7 48. Rd7+ Kh6 49. Rxc7 Kh5 50. Rh7+ Kg4 51. Kd3 h3 52.
Ke2 Kg3 53. Kf1 Kh2 54. Rg7 Kh1 55. Rxg6 h2 1/2-1/2

[Event "Motor City Open"]
[Site "Detroit"]
[Date "1991.11.30"]
[Round "5"]
[White "Mohammed, Azziem"]
[Black "Pettiford, Darnell"]
[Result "1-0"]
[WhiteElo "1761"]
[BlackElo "1245"]
[PlyCount "77"]
[EventDate "1991.11.29"]

1. d4 Nf6 2. Nf3 g6 3. Bg5 Bg7 4. Nbd2 d6 5. e3 O-O 6. Bxf6 Bxf6 7. h4 Nd7 8.
h5 Bg7 9. Bd3 Nf6 10. hxg6 fxg6 11. c3 Qe8 12. Qc2 Qf7 13. O-O-O Be6 14. Ng5
Bb3 15. Nxb3 Qd5 16. Nf3 Ng4 17. Nbd2 b5 18. c4 Qb7 19. Rdf1 bxc4 20. Bxc4+ d5
21. Bb3 Rac8 22. Qc5 e6 23. Rh4 Nf6 24. Ne5 Qa6 25. Qc6 Qxc6+ 26. Nxc6 Ra8 27.
f4 a5 28. Ba4 Rf7 29. Nf3 Nh5 30. g4 Ng3 31. Rf2 Ne4 32. Rfh2 h6 33. Bc2 Ra6
34. Nce5 Bxe5 35. Nxe5 Rh7 36. Rxh6 Rxh6 37. Rxh6 c5 38. Bxe4 dxe4 39. dxc5 1-0

[Event "Motor City Open"]
[Site "Detroit"]
[Date "1991.11.30"]
[Round "4"]
[White "Mellen, Steve"]
[Black "Mohammed, Azziem"]
[Result "1-0"]
[WhiteElo "2003"]
[BlackElo "1761"]
[PlyCount "107"]
[EventDate "1991.11.29"]

1. Nf3 d5 2. d4 Nd7 3. Nbd2 Ngf6 4. e3 c5 5. c3 b6 6. Bb5 g6 7. O-O Bg7 8. Qe2
Bb7 9. Ne5 O-O 10. f4 Nxe5 11. fxe5 Ne4 12. Nxe4 dxe4 13. Bd2 Qc7 14. Be1 a6
15. Ba4 b5 16. Bb3 c4 17. Bc2 Bd5 18. Bg3 Qc6 19. Rad1 h5 20. h3 Bh6 21. Rde1
f5 22. exf6 exf6 23. h4 Rae8 24. Bf4 Bxf4 25. Rxf4 f5 26. Rc1 Qe6 27. Qd1 Re7
28. b3 Rg7 29. bxc4 bxc4 30. Rb1 g5 31. hxg5 Rxg5 32. Qe2 Rf7 33. Rb8+ Kh7 34.
Rh4 Qg6 35. Bd1 Rg4 36. Qf2 Rxh4 37. Qxh4 Rg7 38. Qxh5+ Qxh5 39. Bxh5 f4 40.
exf4 Rg3 41. Rd8 Be6 42. d5 Bf5 43. Rf8 Rxc3 44. Rxf5 Rc1+ 45. Kh2 c3 46. d6 c2
47. Rc5 Rd1 48. Rxc2 Rxd6 49. Re2 Kh6 50. Bg4 Rd4 51. Bf5 e3 52. Kg3 Ra4 53.
Kf3 Ra3 54. Be6 1-0

[Event "Motor City Open"]
[Site "Detroit"]
[Date "1991.11.30"]
[Round "5"]
[White "Mellen, Steve"]
[Black "Mazuchowski, Tom"]
[Result "0-1"]
[WhiteElo "2003"]
[BlackElo "2110"]
[PlyCount "106"]
[EventDate "1991.11.29"]

1. Nf3 Nf6 2. d4 g6 3. c4 Bg7 4. Nc3 O-O 5. e4 d6 6. Be2 Bg4 7. h3 Bxf3 8. Bxf3
Nfd7 9. O-O e5 10. Be3 Nc6 11. d5 Nd4 12. Rb1 c5 13. dxc6 bxc6 14. b4 Nb6 15.
Be2 Qe7 16. Qd2 Rad8 17. Rfc1 f5 18. Bg5 Bf6 19. Bh6 Rf7 20. exf5 Nxf5 21. Ne4
Nxh6 22. Qxh6 Bg7 23. Qg5 Qf8 24. Qg3 Bh6 25. Rd1 d5 26. cxd5 cxd5 27. Nc5 Qe7
28. Bg4 Bf4 29. Qc3 Rd6 30. Re1 e4 31. Nd3 Qf6 32. Qxf6 Rfxf6 33. Nc5 h5 34.
Bd1 Be5 35. Bb3 Kg7 36. Na4 Bd4 37. Re2 Nxa4 38. Bxa4 Bb6 39. Rd1 Rd8 40. Bb3
Rf5 41. a4 Rdf8 42. Bxd5 Rxf2 43. Rxf2 Rxf2 44. Kh2 e3 45. a5 Bc7+ 46. Kg1 Rb2
47. Bf3 Bg3 48. Kf1 Rf2+ 49. Ke1 Rxg2+ 50. Kf1 Rf2+ 51. Ke1 Rxf3+ 52. Ke2 Rf7
53. Kxe3 Bc7 0-1

[Event "Motor City Open"]
[Site "Detroit"]
[Date "1991.11.30"]
[Round "4"]
[White "McFolley, John"]
[Black "Falkowski, Kenneth"]
[Result "0-1"]
[WhiteElo "1271"]
[BlackElo "1723"]
[PlyCount "106"]
[EventDate "1991.11.29"]

1. e4 e6 2. d4 d5 3. e5 c5 4. Nf3 Nc6 5. Bb5 Bd7 6. a3 Qb6 7. Bxc6 Bxc6 8. O-O
Ne7 9. b3 Nf5 10. Ng5 g6 11. dxc5 Bxc5 12. b4 Bd4 13. Nf3 Bxa1 14. c3 d4 15. g4
Ne7 16. Nxd4 O-O-O 17. Be3 Qc7 18. Bg5 Rd7 19. Bxe7 Rxe7 20. Nxc6 Qxc6 21. Qd4
Kb8 22. Rd1 Qd5 23. Qxd5 exd5 24. Rxd5 Rc8 25. Kg2 Bxc3 26. Nxc3 Rxc3 27. a4
Rc4 28. Rb5 Rxg4+ 29. Kf3 Rc4 30. a5 Rd7 31. e6 fxe6 32. Re5 Rxb4 33. Rxe6 Rb5
34. Re8+ Kc7 35. Rh8 Rxa5 36. Ke4 Rad5 37. f4 b5 38. Re8 b4 39. Kf3 Rd3+ 40.
Kg4 b3 41. Re1 b2 42. Rb1 Rd2 43. h4 a5 44. h5 a4 45. f5 gxf5+ 46. Kxf5 a3 47.
h6 a2 48. Rg1 b1=Q+ 49. Rxb1 axb1=Q+ 50. Ke5 Qe1+ 51. Kf6 Rf2+ 52. Kg5 Qg1+ 53.
Kh5 Rh2# 0-1

[Event "Motor City Open"]
[Site "Detroit"]
[Date "1991.11.30"]
[Round "4"]
[White "McCarter, Robert"]
[Black "Reeves, Andre"]
[Result "0-1"]
[WhiteElo "1755"]
[BlackElo "1274"]
[PlyCount "106"]
[EventDate "1991.11.29"]

1. d4 Nf6 2. Nf3 d5 3. e3 e6 4. Bd3 Bd6 5. O-O Nbd7 6. Qe2 O-O 7. Nbd2 c6 8. b3
Re8 9. Bb2 Qc7 10. h3 e5 11. dxe5 Bxe5 12. Nxe5 Nxe5 13. Bxe5 Rxe5 14. Nf3 Rh5
15. Rac1 Be6 16. Nd4 Bd7 17. c4 Qc8 18. cxd5 Bxh3 19. dxc6 Rg5 20. cxb7 Rxg2+
21. Kh1 Qxb7 22. Qf3 Qxf3 23. Nxf3 Ng4 24. Rc2 Nxe3 25. fxe3 Rxc2 26. Bxc2 Bxf1
27. Kg1 Be2 28. Kf2 Bxf3 29. Kxf3 Rc8 30. Bd3 g5 31. Bc4 h5 32. e4 Kg7 33. e5
Re8 34. Ke4 Kg6 35. Kd5 Rd8+ 36. Kc6 g4 37. e6 fxe6 38. Bxe6 g3 39. Bh3 Rd2 40.
a4 g2 41. Bxg2 Rxg2 42. b4 h4 43. b5 h3 44. a5 Rb2 45. b6 axb6 46. axb6 h2 47.
b7 h1=Q+ 48. Kd6 Rxb7 49. Kc5 Qc1+ 50. Kd5 Rd7+ 51. Ke4 Qe1+ 52. Kf3 Rf7+ 53.
Kg4 Qg1+ 0-1

[Event "Motor City Open"]
[Site "Detroit"]
[Date "1991.11.30"]
[Round "4"]
[White "Mazuchowski, Tom"]
[Black "Tsemekhman, Vadim"]
[Result "0-1"]
[WhiteElo "2110"]
[BlackElo "2442"]
[PlyCount "72"]
[EventDate "1991.11.29"]

1. e4 e6 2. d4 d5 3. Nc3 Bb4 4. e5 c5 5. a3 Bxc3+ 6. bxc3 Qc7 7. Nf3 Ne7 8. a4
b6 9. Bb5+ Bd7 10. O-O Bxb5 11. axb5 h6 12. Qe2 Nd7 13. Ba3 O-O 14. g3 Ng6 15.
h4 f6 16. exf6 Rxf6 17. Nh2 Re8 18. h5 Nh8 19. f4 Rff8 20. Rf3 Nf7 21. Re3 Nf6
22. Re1 Ne4 23. Rxe4 dxe4 24. Qxe4 Nd6 25. Qd3 Rf5 26. Ng4 Qd7 27. dxc5 bxc5
28. c4 Rd8 29. Bb2 Qb7 30. Qe2 Re8 31. Ne3 Rff8 32. Qd3 Nf5 33. Ng4 Rd8 34. Qe2
Rfe8 35. Qe5 Qf7 36. Re2 Rd1+ 0-1